El Cristo de espaldas /
Eduardo Caballero Calderón (Colombia, 1910-1993) además de la literatura ejerció el periodismo y se desempeñó como diplomático, en Argentina, Perú, España y Francia. La violencia en su país, la situación de los desposeídos, las pasiones sin filtro y el amor a la tierra son temas a los que vuelve una...
Gespeichert in:
| 1. Verfasser: | |
|---|---|
| Format: | Buch |
| Sprache: | Spanisch |
| Schriftenreihe: | (Bolsilibros Bedout ;
12) |
| Schlagworte: | |
| Tags: |
Keine Tags, Fügen Sie das erste Tag hinzu!
|
MARC
| LEADER | 00000nam^a2200000^a^4500 | ||
|---|---|---|---|
| 001 | 000184553 | ||
| 005 | 20250521000000.0 | ||
| 009 | 20260310102119.576 | ||
| 037 | |a Acervo ITESO - Biblioteca | ||
| 041 | |a ESP | ||
| 082 | |a 863. |b CAB | ||
| 100 | |a Caballero Calderón, Eduardo |e (autor) | ||
| 245 | 1 | 3 | |a El Cristo de espaldas / |c E. Caballero Calderón. |
| 264 | |a Medellín, Colombia : |b Bedout, |c 1981 | ||
| 300 | |a 165 p. | ||
| 336 | |a texto |b txt |2 rdacontenido | ||
| 337 | |a sin mediación |b n |2 rdamedio | ||
| 338 | |a volumen |b nc |2 rdasoporte | ||
| 440 | 1 | |a (Bolsilibros Bedout ; |v 12) | |
| 520 | |a Eduardo Caballero Calderón (Colombia, 1910-1993) además de la literatura ejerció el periodismo y se desempeñó como diplomático, en Argentina, Perú, España y Francia. La violencia en su país, la situación de los desposeídos, las pasiones sin filtro y el amor a la tierra son temas a los que vuelve una y otra vez el escritor. Entre sus títulos están: Suramérica, tierra del hombre (1944), Ancha es Castilla (1950), El Cristo de espaldas (1952), Siervo sin tierra (1954), La penúltima hora (1955), Manuel Pacho (1962), Caín (1969), El buen salvaje (1965) e Historia de dos hermanos (1977). Con la penúltima obtuvo el Premio Nadal 1965. | ||
| 649 | |a XX | ||
| 650 | |a Novela Colombiana | ||
| 650 | |a Literatura Colombiana - |y Siglo XX | ||
| 910 | |a Fondo General | ||
| 920 | |a Impresos - Libros | ||
| 930 | |a Colección General | ||
| 940 | |a Literatura | ||
| 905 | |a 101 | ||
| 901 | |a 0500125500 |b IT1 |c LIT |u 20250521 | ||
| 902 | |a https://opac.biblio.iteso.mx/vufind/Record/000184553 | ||